Visualizzazione normale
Vista MARC
- Rasskin-Gutman, Diego
di Personal Name
Records bibliografici associati: 1
001 - CONTROL NUMBER
- control field: 58720
003 - CONTROL NUMBER IDENTIFIER
- control field: IT-RoINE
005 - DATE AND TIME OF LATEST TRANSACTION
- control field: 20190410061310.0
008 - FIXED-LENGTH DATA ELEMENTS
- fixed length control field: 190410|| aca||aabn | a|a d
040 ## - CATALOGING SOURCE
- Original cataloging agency: IT-RoINE
- Transcribing agency: IT-RoINE
100 ## - HEADING--PERSONAL NAME
- Personal name: Rasskin-Gutman, Diego
670 ## - SOURCE DATA FOUND
- Source citation: Work cat.: (IT-RoINE): Zamora, Mario D., 1935- 58718, Los indígenas de las islas Filipinas /, [1992]